000 01037nam a22003257a 4500
003 CHAP
005 20220329141707.0
008 971013s1991 mx a r 00010 spa d
010 _a72311
011 _a73283
035 _a82840
040 _cCHAP
082 0 4 _a574.87
_bA8Y 1986
100 0 0 _aAvers, Charlotte J.
_98582
245 1 _aBiología celular
250 _aed. rev.
260 _aMéxico, D. F. :
_bIberoamericana,
_c1991
300 _a748 p.
_b: ilus.
500 _aTrad. de : Cell biology. 2 ed. de 1981
590 _aBATCH-UPD
_b10
_c20130110
_lUCH01
_h1806
590 _aBATCH-UPD
_b10
_c20130410
_lUCH01
_h1141
590 _aBATCH-UPD
_b10
_c20130914
_lUCH01
_h0634
590 _aCONVERSION
_b10
_c20130109
_lUCH01
_h1340
650 1 4 _aBiología.
_912773
650 1 4 _aCitología.
_923489
901 _aBK
942 _cLIBRO
949 _a574.87 A8Y 1986
_bBC
_cLIBRO
_d33724000901351
_eLIBRO
_h78336 sust.
_i82840
_si
_t87.00
949 _a574.87 A8Y 1986
_bBC
_cLIBRO
_d33724000996385
_eLIBRO
_fc.2
_h107468
_i82840
_kDonaciØn
_si
999 _c72311
_d72311